Pour your heart into it

Salvato in:
Dettagli Bibliografici
Autore principale: Schultz, Howard
Altri autori: Võ, Công Hùng
Natura: Libro
Lingua:Undetermined
Pubblicazione: Tp. Hồ Chí Minh Trẻ 2009
Soggetti:
Accesso online:http://lrc.tdmu.edu.vn/opac/search/detail.asp?aID=2&ID=19149
Tags: Aggiungi Tag
Nessun Tag, puoi essere il primo ad aggiungerne! !
Thư viện lưu trữ: Trung tâm Học liệu Trường Đại học Thủ Dầu Một
LEADER 00876nam a2200205Ia 4500
001 TDMU_19149
008 210410s9999 xx 000 0 und d
082 |a 647.9573092 
090 |b S510 
100 |a Schultz, Howard 
245 0 |a Pour your heart into it 
260 |a Tp. Hồ Chí Minh 
260 |b Trẻ 
260 |c 2009 
300 |a 486tr. 
520 |p Nguyên bản:  |t Pour your heart into it; Nội dung gồm Khám phá mới về cà phê; Tái phát minh trải nghiệm cà phê; Làm mới tinh thần doanh nhân  
650 |a Schultz, Howard; Chủ cửa hàng  |z Hoa Kỳ; Công ty Starbucks Coffee; Kinh doanh  |x Bí quyết thành công  
700 |a Võ, Công Hùng 
856 |u http://lrc.tdmu.edu.vn/opac/search/detail.asp?aID=2&ID=19149 
980 |a Trung tâm Học liệu Trường Đại học Thủ Dầu Một